000 00848nam a2200253Ia 4500
008 100315s9999 xx 000 0 und d
020 _a1859785557 
040 _cENGLISH 
082 _b8726 
_a332.78 
100 _a"Reed, Chris, Walden, Ian, Edgar, Laura "
245 _aCross-Border Electronic Banking : challenges and opportunities
250 _a2nd ed. 
260 _aLondon 
_bLLP  
_c2000 
300 _a240 
365 _eRupees 
_d
_b0.00 
366 _f
505 _gRamakant Amar Navghare 
530 _bDonated By RBI Library  
620 _a"Cross-Border Banking, Law of credit transfer, Economics. "
630 _aCross-Border Electronic Banking : challenges and opportunities
650 _aBANKING 
730 _aCross-Border Electronic Banking : challenges and opportunities
942 _cBOOK
999 _c483461
_d483458